F1 - 2013 Season - Statistics

General Stats
  • This quiz has been taken 10 times
  • The average score is 48 of 106
Answer Stats
Hint Answer % Correct
Australia
100%
2013 Teams Australian Grand Prix
100%
Chinese Grand Prix
100%
British Grand Prix
86%
Fernando Alonso
86%
Ferrari
86%
France
86%
German Grand Prix
86%
Hungarian Grand Prix
86%
Lewis Hamilton
86%
Malaysian Grand Prix
86%
Mercedes
86%
UK
86%
2013 Calendar Albert Park Grand Prix Circuit
71%
Belgian Grand Prix
71%
Brazil
71%
Brazilian Grand Prix
71%
Canadian Grand Prix
71%
Circuit de Monaco
71%
Circuit de Spa-Francorchamps
71%
Felipe Massa
71%
Italian Grand Prix
71%
Japanese Grand Prix
71%
Kimi Räikkönen
71%
Mark Webber
71%
McLaren
71%
Monaco Grand Prix
71%
Nico Rosberg
71%
Red Bull Racing
71%
Renault
71%
Sebastian Vettel
71%
Singapore Grand Prix
71%
Spain
71%
Spanish Grand Prix
71%
United States Grand Prix
71%
Abu Dhabi Grand Prix
57%
Bahrain Grand Prix
57%
Bahrain International Circuit
57%
Christian Horner
57%
Circuit de Catalunya
57%
Circuit of the Americas
57%
Claire Williams
57%
Daniel Ricciardo
57%
Germany
57%
Hungaroring
57%
Korean Grand Prix
57%
Mexico
57%
Netherlands
57%
Romain Grosjean
57%
Sauber
57%
Sergio Pérez
57%
Shanghai International Circuit
57%
Silverstone Circuit
57%
Suzuka Circuit
57%
Valtteri Bottas
57%
Williams
57%
Autódromo José Carlos Pace
43%
Autodromo Nazionale Monza
43%
Finland
43%
Force India
43%
Indian Grand Prix
43%
Jean-Éric Vergne
43%
Korea International Circuit
43%
Lotus
43%
Nico Hülkenberg
43%
Sepang International Circuit
43%
Toro Rosso
43%
Yas Marina Circuit
43%
Circuit Gilles Villeneuve
29%
Esteban Gutiérrez
29%
Jenson Button
29%
Jules Bianchi
29%
Marina Bay Street Circuit
29%
Marussia
29%
Nürburgring
29%
Pastor Maldonado
29%
RB9
29%
Ross Brawn
29%
Venezuela
29%
Buddh International Circuit
14%
Caterham
14%
Charles Pic
14%
Cosworth
14%
FW35
14%
Heikki Kovalainen
14%
Adrian Sutil
0%
C32
0%
CT03
0%
Cyril Abiteboul
0%
E21
0%
Éric Boullier
0%
F138
0%
Franz Tost
0%
Giedo van der Garde
0%
John Booth
0%
Martin Whitmarsh
0%
Max Chilton
0%
Monisha Kaltenborn
0%
MP4-28
0%
MR02
0%
Paul di Resta
0%
Stefano Domenicali
0%
STR8
0%
Vijay Mallya
0%
VJM06
0%
W04
0%
No matching quizzes found
Score Distribution
Percent of People with Each Score
Percentile by Number Answered
Your Score History
You have not taken this quiz